Bonjour dans plusieurs langues - Statistiques

Statistiques générales
  • Ce quiz a été pris 136 fois
  • Le résultat moyen est 5 sur 11
Statistiques - réponses
Hint Réponse % Correct
Français Bonjour
100%
Anglais Hello
98%
Espagnol Hola
90%
Hollandais Hallo
56%
Allemand Hallo
56%
Italien Buongiorno
33%
Portugais Bom dia
20%
Lituanien Labas
2%
Croate Bok
1%
Suédois God dag
1%
Norvégien God dag
1%
Aucun quiz correspondant
Distribution des résultats
% des personnes avec chaque résultat
Percentile par nombre de réponses
Votre historique - résultats
Vous n’avez pas pris ce quiz